书目信息 |
| 题名: |
少林拳谱
|
|
| 作者: | 德虔 珍藏 | |
| 分册: | 第二册 | |
| 出版信息: | 北京 人民体育出版社 2010 |
|
| 页数: | 295页 | |
| 开本: | 21cm | |
| 丛书名: | ||
| 单 册: | ||
| 中图分类: | G852.151.9 | |
| 科图分类: | ||
| 主题词: | 少林拳--套路(武术) , 少林拳 , 套路(武术) | |
| 电子资源: | ||
| ISBN: | 978-7-5009-3795-1 | |
| 000 | 00826nam0 2200265 45 | |
| 001 | 1132074296 | |
| 005 | 20110314091029.32 | |
| 010 | @a978-7-5009-3795-1@dCNY21.00 | |
| 100 | @a20110123d2010 em y0chiy50 ea | |
| 101 | 0 | @achi |
| 102 | @aCN@b110000 | |
| 105 | @aa z 000yy | |
| 106 | @ar | |
| 200 | 1 | @a少林拳谱@AShao Lin Quan Pu@h第二册@HDi Er Ce@f德虔珍藏@FDe Qian Zhen Cang |
| 205 | @a影印本 | |
| 210 | @a北京@c人民体育出版社@d2010 | |
| 215 | @a295页@c图@d21cm | |
| 330 | @a本书内容包括:少林少林七星拳朝阳拳、少林看家拳、少林金刚拳、少林炮拳、少林长护心意门拳、少林五合拳、少林六合拳。 | |
| 606 | 0 | @a少林拳@x套路(武术) |
| 606 | 0 | @a少林拳 |
| 606 | 0 | @a套路(武术) |
| 690 | @aG852.151.9@v4 | |
| 701 | 0 | @a德虔@ADe Qian@4珍藏 |
| 801 | 0 | @aCN@bTANGWEI@c20110314 |
| 905 | @b0532332-33@dG852.151.9@e257:2@f2 | |
| 少林拳谱.第二册/德虔珍藏.-影印本.-北京:人民体育出版社,2010 |
| 295页:图;21cm |
| ISBN 978-7-5009-3795-1:CNY21.00 |
| 本书内容包括:少林少林七星拳朝阳拳、少林看家拳、少林金刚拳、少林炮拳、少林长护心意门拳、少林五合拳、少林六合拳。 |
| ● |
| 相关链接 |
|
|
|
|
正题名:少林拳谱
索取号:G852.151.9/257:2
 
预约/预借
| 序号 | 登录号 | 条形码 | 馆藏地/架位号 | 状态 | 备注 |
| 1 | 0532332 | 205323327 | 第一样本阅览室/ [索取号:G852.151.9/257:2] | 在馆 | |
| 2 | 0532333 | 205323336 | 密集书库-体育系/ [索取号:G852.151.9/257:2] | 在馆 |